Wszystkie kluby, które zagrały w Ekstraklasie - Statystyki

Ogólne statystyki
  • Ten quiz został rozwiązany 418 razy
  • Średni wynik to 42 z 86
Statystyki odpowiedzi
Klub % Poprawnych
Legia Warszawa
98%
Lech Poznań
97%
Raków Częstochowa
97%
Wisła Kraków
93%
Arka Gdynia
92%
Pogoń Szczecin
90%
Jagiellonia Białystok
89%
Polonia Warszawa
89%
Cracovia Kraków
88%
Widzew Łódź
88%
Górnik Zabrze
87%
Lechia Gdańsk
87%
Lechia/Olimpia Gdańsk
87%
ŁKS Łódź
87%
GKS Katowice
86%
Motor Lublin
85%
Śląsk Wrocław
84%
Wisła Płock
84%
Zagłębie Lubin
83%
Ruch Chorzów
80%
Bruk-Bet Termalica Nieciecza
79%
Warta Poznań
79%
Zawisza Bydgoszcz
79%
Korona Kielce
77%
Polonia Bytom
77%
Radomiak Radom
77%
Zagłębie Sosnowiec
76%
Piast Gliwice
75%
Stal Mielec
73%
Odra Opole
69%
Górnik Łęczna
68%
Stal Rzeszów
67%
Amica Wronki
66%
GKS Tychy
66%
Miedź Legnica
65%
Pogoń Lwów
64%
Stomil Olsztyn
63%
Podbeskidzie Bielsko-Biała
61%
GKS Bełchatów
58%
Hutnik Kraków
58%
Puszcza Niepołomice
56%
Olimpia Poznań
55%
Sandecja Nowy Sącz
54%
Dyskobolia Grodzisk Wielkopolski
48%
Garbarnia Kraków
48%
Szombierki Bytom
44%
Stal Stalowa Wola
43%
Odra Wodzisław Śląski
41%
Górnik Wałbrzych
38%
Unia Racibórz
38%
Ruch Radzionków
36%
Górnik Polkowice
34%
KSZO Ostrowiec Świętokrzyski
34%
Gwardia Warszawa
33%
ROW Rybnik
33%
Siarka Tarnobrzeg
30%
RKS Radomsko
26%
Świt Nowy Dwór Mazowiecki
26%
Czarni Lwów
23%
Bałtyk Gdynia
22%
Szczakowianka Jaworzno
20%
Sokół Pniewy
19%
1. FC Katowice
14%
GKS Jastrzębie-Zdrój
14%
Polonia Bydgoszcz
12%
AKS Chorzów
11%
Warszawianka Warszawa
11%
Arkonia Szczecin
10%
Jutrzenka Kraków
10%
Tarnovia Tarnów
10%
Zagłębie Wałbrzych
10%
Igloopol Dębica
9%
Klub Turystów Łódź
9%
Śmigły Wilno
9%
Dąb Katowice
8%
Górnik Radlin
8%
Wawel Kraków
8%
Śląsk Świętochłowice
7%
Hasmonea Lwów
6%
Lechia Lwów
6%
Union-Touring Łódź
6%
Podgórze Kraków
4%
TKS Toruń
4%
22 Strzelec Siedlce
2%
ŁTSG Łódź
2%
Rymer Niedobczyce
2%
Nie znaleziono quizów pasujących do podanych kryteriów
Rozkład punktacji
Procent ludzi z każdym wynikiem
Percentyl według liczby udzielonych odpowiedzi
Twoja historia wyników
Nie rozwiązałeś tego quizu